00321nam a22000977a 450000500170000000800410001702000180005805000220007624501000009826000250019820250703112939.0250703b |||||||| |||| 00| 0 eng d a9780256189230 aHF5548 b.U67 HUJ aLotus 1-2-3 for WIndows bRelease 5cSarah E. Hutchinson, Glen J. Coulthard & Catherine Schuler aChicagobIrwinc1995